| 000 | 02668nam a2200361 4500 | ||
|---|---|---|---|
| 003 | OSt | ||
| 005 | 20260512072154.0 | ||
| 008 | 260512b |||||||| |||| 00| 0 aze d | ||
| 020 | _a5806610808 | ||
| 040 |
_aAZ-XaKU _baze _cAZ-XaKU |
||
| 041 | 0 | _aaze | |
| 050 | 1 | 4 | _aTJ175 .Ab332 2003 |
| 100 | 1 |
_aAbdullayev, A.H., _emüəllif. |
|
| 245 | 1 |
_aMaşın detalları və konstruksiyaetmənin əsasları _c/ A.H. Abdullayev, R.K.Məmmədov, M.H.Güməyev ; rəy verənlər R.İ.Əlizadə, V.Z.Mövlazadə |
|
| 264 |
_aBakı: _b"Elm" nəşriyyatı, _c2003. |
||
| 300 |
_a462 səhifə; _bşəkil, cədvəl, _c23.5 sm. |
||
| 336 |
_atext _btxt _2rdacontent |
||
| 337 |
_aunmediated _bn _2rdamedia |
||
| 338 |
_avolume _bnc _2rdacarrier |
||
| 500 | _aDərs vəsaiti Azərbaycan Respublikası Təhsil Nazirliyinin 722 saylı 19.07.2000-ci il tarixli qərarına müvafiq olaraq texniki ali məktəblərin mexanika ixtisaslarında təhsil alan tələbələr üçün buraxılmışdır. | ||
| 504 | _aƏdəbiyyat siyahısı: s. 453 | ||
| 505 | 0 | _aGiriş -- Fəsil 1. İntiqalın kinematik hesabı -- Fəsil 2. Ötürmələrin hesabı -- Fəsil 3. Eskiz layihələndirilməsi -- Fəsil 4. Dişli çarxların, sonsuz vint çarxlarının, sonsuz vintlərin, qasnaqların və ulduzcuqların konstruksiya olunması -- Fəsil 5. Val-top birləşdirməsi -- Fəsil 6. Yastıq düyümlərinin konstruksiya olunması -- Fəsil 7. Stəkanların və yastıq qapaqlarının konstruksiya olunması -- Fəsil 8. Yağlama qurğuları və kipləşdiricilər -- Fəsil 9. Gövdə detallarının konstruksiya olunması -- Fəsil 10. Valların konstruksiya olunması -- Fəsil 11. Dişli çarx və sonsuz vint ötürməsi düyümlərinin konstruksiyalarına aid misallar -- Fəsil 12. Müftalar -- Fəsil 13. İntiqalın layihələndirilməsinə aid misallar -- Fəsil 14. Maşın detallarının avtomatlaşdırılmış layihələndirilməsi -- Fəsil 15. Layihənin işçi sənədlərinin tərtib olunması -- Fəsil 16. Sorğu cədvəlləri, reduktor və sürətlər qutularının konstruksiyaları. | |
| 520 | 0 | _aÜmumi təyinatlı maşın detallarının, düyümlərin, mexanizmlərin hesablanma və konstruksiyaedilməsinin nəzəri əsası verilmişdir. | |
| 521 | _aTexniki ali məktəblərin mexanika ixtisaslarında təhsil alan tələbələr üçün buraxılmışdır. | ||
| 650 | 7 |
_aMaşınqayırma _2AZ-XaKU |
|
| 655 |
_2Az-XaKU _aDərs vəsaiti |
||
| 700 | 1 |
_aMəmmədov, R.K., _emüəllif. |
|
| 700 | 1 |
_aGüməyev, M.H., _emüəllif. |
|
| 700 | 1 |
_aƏlizadə, R.İ., _erəyçi. |
|
| 700 | 1 |
_aMövlazadə, V.Z., _erəyçi. |
|
| 942 | _cBOOK | ||
| 999 |
_c409 _d409 |
||